Poverty and social change: a study in the economic reorganisation of Indian rural society (Record no. 418312)

000 -LEADER
fixed length control field 00504cam a22001577a 4500
008 - FIXED-LENGTH DATA ELEMENTS--GENERAL INFORMATION
fixed length control field 180718b1945 xxu||||| |||| 00| 0 eng d
082 ## - DEWEY DECIMAL CLASSIFICATION NUMBER
Classification number B135x54 Si64
100 ## - MAIN ENTRY--PERSONAL NAME
Personal name Singh, Tarlok
245 ## - TITLE STATEMENT
Title Poverty and social change: a study in the economic reorganisation of Indian rural society
Statement of responsibility, etc. by Tarlok Singh
260 ## - PUBLICATION, DISTRIBUTION, ETC.
Place of publication, distribution, etc. New York
Name of publisher, distributor, etc. Longmans
Date of publication, distribution, etc. 1945
300 ## - PHYSICAL DESCRIPTION
Extent viii, 200p
650 ## - SUBJECT ADDED ENTRY--TOPICAL TERM
Topical term or geographic name entry element India --Social conditions.
650 ## - SUBJECT ADDED ENTRY--TOPICAL TERM
Topical term or geographic name entry element Land tenure --India
650 ## - SUBJECT ADDED ENTRY--TOPICAL TERM
Topical term or geographic name entry element Villages --India
650 ## - SUBJECT ADDED ENTRY--TOPICAL TERM
Topical term or geographic name entry element Peasants --India
Holdings
Withdrawn status Lost status Damaged status Not for loan Permanent Location Current Location Date acquired Full call number Barcode Date last seen Price effective from Koha item type
        Indian Institute of Public Administration Indian Institute of Public Administration 2009-06-15 B135x54 Si64 259 2018-07-21 2018-07-21 Book

Powered by Koha